Ringo Starr Discography - Statistics

General Stats
  • This quiz has been taken 39 times
  • The average score is 14 of 21
Answer Stats
Hint Answer % Correct
1973 Ringo
100%
1970 Beaucoups of Blues
86%
1974 Goodnight Vienna
86%
1970 Sentimental Journey
76%
1976 Ringo's Rotogravure
71%
1977 Ringo the 4th
71%
1992 Time Takes Time
71%
1978 Bad Boy
67%
2008 Liverpool 8
67%
2025 Look Up
67%
1983 Old Wave
67%
2003 Ringo Rama
67%
1981 Stop and Smell the Roses
67%
1998 Vertical Man
67%
2010 Y Not
67%
1999 I Wanna Be Santa Claus
62%
2015 Postcards from Paradise
62%
2012 Ringo 2012
62%
2005 Choose Love
57%
2019 What's My Name
52%
2017 Give More Love
38%
No matching quizzes found
Score Distribution
Percent of People with Each Score
Percentile by Number Answered
Your Score History
You have not taken this quiz